Flags of European Separatist Movements - Statistics

General Stats
  • This quiz has been taken 71 times
  • The average score is 8 of 12
Answer Stats
Picture Answer % Correct
Scotland
99%
Catalonia
97%
Åland
78%
Transnistria
76%
Abkhazia
70%
Basque Country
70%
Brittany
70%
Wallonia
67%
Cornwall
58%
Bavaria
55%
Sicily
55%
Transylvania
31%
No matching quizzes found
Score Distribution
Percent of People with Each Score
Percentile by Number Answered
Your Score History
You have not taken this quiz